• 首页
  • 本馆介绍
  • 公告通知
  • 最新文献
  • 馆藏检索
  • 电子资源
  • 读者导购
  • 参考咨询
  • 我的图书馆
  • 登录
  • 详细信息显示
  • 放入我的书架
  • 预约/预借图书
  • 作者相关作品
  • 分类相关作品
  • 丛书相关作品
  • 出版社相关作品

书目信息

  • 表格格式
  • 工作单格式
  • 卡片格式
题名:
环氧树脂在水工建筑物中的应用
    
 
作者: 魏涛 , 董建军 编著
分册:  
出版信息: 北京   化学工业出版社  2007
页数: 289页
开本: 21cm
丛书名:
单 册:
中图分类: TV6
科图分类:
主题词: 环氧树脂--应用--水工建筑物 , 环氧树脂 , 水工建筑物
电子资源:
ISBN: 7-5025-9283-0
000 00975nam0 2200265 450
001 012007829632
005 20070522170950.82
010    @a7-5025-9283-0@dCNY25.00
100    @a20070514d2007 km y0chiy0120 ea
101 0  @achi
102    @aCN@b110000
105    @ay z 000yy
106    @ar
200 1  @a环氧树脂在水工建筑物中的应用@Ahuan yang shu zhi zai shui gong jian zhu wu zhong de ying yong@f魏涛, 董建军编著@Fwei tao,dong jian jun bian zhu
210    @a北京@c化学工业出版社@d2007
215    @a289页@d21cm
330    @a本书较为全面地阐述了环氧树脂用于水工建筑物防护与修补的应用技术,重点介绍了环氧树脂灌浆材料、环氧树脂砂浆和环氧树脂金属结构防腐涂层材料的性能特点、配方设计、施工设备、施工工艺及效果评价等方面内容。
606 0  @a环氧树脂@x应用@x水工建筑物
606 0  @a环氧树脂
606 0  @a水工建筑物
690    @aTV6@v4
701  0 @a魏涛@Awei tao@4编著
701  0 @a董建军@Adong jian jun@4编著
801  0 @aCN@bRULIN@c20070522
905    @dTV6@e36@s10
    
    环氧树脂在水工建筑物中的应用/魏涛, 董建军编著.-北京:化学工业出版社,2007
    289页;21cm
    
    
    ISBN 7-5025-9283-0:CNY25.00
    本书较为全面地阐述了环氧树脂用于水工建筑物防护与修补的应用技术,重点介绍了环氧树脂灌浆材料、环氧树脂砂浆和环氧树脂金属结构防腐涂层材料的性能特点、配方设计、施工设备、施工工艺及效果评价等方面内容。
●
相关链接 在E读中查询图书 在五车中查询图书 在当当中查询图书 在豆瓣中查询图书


正题名:环氧树脂在水工建筑物中的应用     索取号:TV6/36         预约/预借

序号 登录号 条形码 馆藏地/架位号 状态 备注
1 0573913   205739138   第二样本阅览室/ [索取号:TV6/36] 在馆    
2 0573914   205739147   第三借阅区/ [索取号:TV6/36] 在馆    
3 0573915   205739156   第三借阅区/ [索取号:TV6/36] 在馆    
4 0573916   205739165   第三借阅区/ [索取号:TV6/36] 在馆    
5 0573917   205739174   第三借阅区/ [索取号:TV6/36] 在馆    
6 0573918   205739183   第三借阅区/ [索取号:TV6/36] 在馆    
7 0573919   205739192   第三借阅区/ [索取号:TV6/36] 在馆    
8 0573920   205739209   第三借阅区/ [索取号:TV6/36] 在馆    
9 0573921   205739218   第三借阅区/ [索取号:TV6/36] 在馆    
10 0573922   205739227   第三借阅区/ [索取号:TV6/36] 在馆    
唐山师范学院图书馆 欢迎您!
大连网信软件有限公司© 版权所有